110 Artistas Musicales Argentinos - Estadísticas

Estadísticas generales
  • Esta prueba ha sido intentada 138 veces
  • La puntuación promedio es 53 de 110
Estadísticas de respuestas
Género Canciones de Ejemplo Artista % Correcto
Trap She Don't Give a FO | Rockstar Duki
92%
Dance-Pop, Reggaetón La Original | No Se Ve Emilia Mernes
81%
Rock Alternativo, New Wave En la Ciudad de la Furia | Persiana Americana Soda Stereo
80%
Pop-Rock A Rodar Mi Vida | Mariposa Tecknicolor Fito Páez
79%
Pop-Rock, Rock Alternativo Crimen | Deja Vu Gustavo Cerati
79%
Pop Urbano, Reggaetón Automático | Corazón Vacío María Becerra
79%
Pop-Rock, New Wave No Me Dejan Salir | Demoliendo Hoteles Charly García
77%
Pop-Rock, Rock Alternativo Lamento Boliviano | La Muralla Verde Los Enanitos Verdes
75%
Pop Latino, Reggaetón Fresa | Miénteme Tini Stoessel
75%
Cumbia No Me Arrepiento de Este Amor | Fuiste Gilda
74%
Reggaetón, Trap Tal Vez | Adán y Eva Paulo Londra
74%
Cuarteto La Morocha | Hola Perdida Luck Ra
73%
Pop-Rock, Art Rock Seguir Viviendo Sin Tu Amor | Barro Tal Vez Luis Alberto Spinetta
73%
Géneros Folclóricos Todo Cambia | Alfonsina y el Mar Mercedes Sosa
73%
Pop-Rock, Electropop Perfecta | Tu Misterioso Alguien Miranda!
73%
Pop Urbano, R&B Contemporáneo Wapo Traketero | 8 AM Nicki Nicole
73%
Pop Rock, Power Pop Por Mil Noches | Cae el Sol Airbag
72%
Hip-Hop, Rap Rock Melón Vino | Canguro Wos
72%
Tango Por Una Cabeza | Mi Buenos Aires Querido Carlos Gardel
71%
Rock Alternativo, Pop-Rock Paloma | La Parte de Adelante Andrés Calamaro
69%
Pop-Rock, Electropop Ella | Ciudad Mágica Tan Biónica
68%
Punk, Rock Alternativo Arrancacorazones | Hacelo Por Mí Attaque 77
67%
Post-Punk, Blues Rock La Bestia Pop | Vencedores Vencidos Patricio Rey y sus Redonditos de Ricota
67%
Cuarteto Ocho Cuarenta | Lo Mejor del Amor Rodrigo Bueno
67%
Rock Progresivo, Pop Progresivo Seminare | Cinema Verité Serú Girán
67%
Pop-Rock, Rock Alternativo Carismático | Irresponsables Babasónicos
66%
Rock Barrial El Farolito | Como Alí Los Piojos
66%
Pop-Rock, Blues Rock Vas a Bailar | Mírenla Ciro y los Persas
65%
Dance-Pop, Electropop Ego | Disciplina Lali Espósito
65%
Pop Latino, Géneros Folclóricos Tren del Cielo | Que Nadie Sepa Mi Sufrir Soledad Pastorutti
63%
Pop-Rock, Rock Barrial Nunca Quise | No Tengo Ganas Intoxicados
61%
Cumbia Con La Misma Moneda | Corazón Mentiroso Karina La Princesita
61%
Latino Alternativo, Ska Un Osito de Peluche de Taiwán | La Guitarra Los Auténticos Decadentes
61%
Rock Psicodélico, Pop Psicodélico Muchacha (Ojos de Papel) | Plegaria Para un Niño Dormido Almendra
60%
Rock Barrial 9 de Julio | Prohibido Callejeros
60%
Cumbia Santafesina El Bombón | El Parrandero Los Palmeras
60%
Géneros Folclóricos Amor Salvaje | La Ley y la Trampa Chaqueño Palavecino
59%
Cuarteto ¿Quién Se Ha Tomado Todo El Vino? | El Federal La Mona Jiménez
59%
Pop-Rock, New Wave Lunes Por La Madrugada | Costumbres Argentinas Los Abuelos de la Nada
58%
Tango Libertango | Adiós Nonino Astor Piazzolla
57%
Rock Alternativo, Hard Rock Spaghetti del Rock | ¿Qué Ves? Divididos
57%
Heavy Metal, Power Metal Mujer Amante | La Leyenda del Hada y el Mago Rata Blanca
57%
Ska, Latino Alternativo Vasos Vacíos | Manuel Santillán, El León Los Fabulosos Cadillacs
56%
Pop Latino, Canción Melódica Tu Voz | Oncemil Abel Pintos
55%
Post-Punk, Reggae La Rubia Tarada | No Tan Distintos Sumo
55%
Pop-Rock, Rock Alternativo Loco Un Poco | Pasos Al Costado Turf
55%
Rock Barrial, Latino Alternativo Sr. Cobranza | Toco y Me Voy Bersuit Vergarabat
54%
Pop Latino, Balada Romántica Te Voy a Amar | Somos Uno Axel
51%
Rock Psicodélico, Blues Rock Bajan | Cementerio Club Pescado Rabioso
51%
Folk Rock, Folk Pop Canción Para Mi Muerte | Rasguña Las Piedras Sui Generis
51%
Rock Barrial, Hard Rock Homero | Todo Sigue Igual Viejas Locas
51%
Synthpop Luna de Miel en la Mano | Pronta Entrega Virus
51%
Pop Latino Color Esperanza | Abriendo Caminos Diego Torres
50%
Pop-Rock Mi Enfermedad | Mary Poppins y el Deshollinador Fabiana Cantilo
50%
Rock Alternativo Será | Personalmente Las Pelotas
50%
Folk Rock Sólo Le Pido a Dios | Ojo con los Orozco León Gieco
50%
Canción Melódica, Balada Romántica Olvídame y Pega la Vuelta | Ahora Decide Pimpinela
49%
Cumbia Villera Se Te Ve La Tanga | El Humo de mi Fasito Damas Gratis
48%
Reggae Tú Sin Mí | Árbol Sin Hojas Dread Mar-I
48%
Hard Rock, Blues Rock El Final es en Donde Partí | El Revelde La Renga
48%
Pop Urbano, R&B Contemporáneo Buenos Aires | Delito Nathy Peluso
48%
Beat Rock, Canción Melódica Rosa... Rosa | Tengo Sandro
48%
Heavy Metal Sé Vos | Toro y Pampa Almafuerte
47%
Rock Alternativo, Pop-Rock Campanas en la Noche | Brujería Los Tipitos
47%
Pop-Rock, Rock Alternativo Trenes, Camiones y Tractores | Pequeños Sueños Árbol
46%
Canción Melódica, Tango Garganta Con Arena | Ojalá Que No Puedas Cacho Castaña
45%
Pop-Rock Ella Dijo | Un Día Perfecto Estelares
45%
Pop-Rock, Latino Alternativo Otra Vuelta de Tuerca | ¿Qué Es Dios? Las Pastillas del Abuelo
45%
Cumbia Santafesina Llorarás Más de Diez Veces | Tramposa y Mentirosa Leo Mattioli
45%
Reggae Casi q' me Pierdo | Bastará Los Cafres
45%
Trap, R&B Contemporáneo No Soy Eterno | Rara Vez Milo J
45%
Blues Rock, Rock Barrial Sigue Girando | Rock del Gato Ratones Paranoicos
44%
Rock Alternativo, Rock Barrial Avanti Morocha | Sapo de Otro Pozo Los Caballeros de la Quema
43%
Trap, Hip-Hop Experimental La Primera | Cirugía Dillom
41%
Pop-Rock Hacer un Puente | Lo Que Me Mata La Franela
41%
Pop Psicodélico, Beat Rock La Balsa | Ayer Nomás Los Gatos
41%
Reggae Runaway | Sin Cadenas Los Pericos
41%
Rock Alternativo, Metal Alternativo Y Lo Que Quiero Es Que Pises El Suelo | Magia Veneno Catupecu Machu
40%
Indie Rock, Indie Pop El Tesoro | La Noche Eterna El Mató a un Policia Motorizado
40%
RKT Antes Que Me Vaya | Sin 0 L-Gante
39%
Rock Barrial, Rock Alternativo Calavera | Arde La Ciudad Mancha de Rolando
38%
Canción Melódica, Balada Romántica Señor Amante | Qué Ganas de no Verte Nunca Más Valeria Lynch
38%
Géneros Folclóricos Entre la Tierra y el Cielo | La Yapa Los Nocheros
34%
Blues Rock La Bifurcada | Moscato, Pizza y Fainá Memphis La Blusera
34%
Cumbia Santafesina Jurabas Tú | Podría Ser Amado Los del Fuego
32%
Hip House, Jazz Fusión El Único | Dumbai Ca7riel y Paco Amoroso
31%
Rock Progresivo, Art Rock El Anillo del Capitán Beto | Durazno Sangrando Invisible
31%
Blues Rock Sucio y Desprolijo | Stratocaster Boogie Pappo's Blues
30%
Cumbia Villera La Resaka | Que Calor Supermerk2
28%
Heavy Metal, Thrash Metal Memoria de Siglos | Olvídalo y Volverá Por Más Hermética
27%
Hard Rock, Heavy Metal Que Sea Rock | Susy Cadillac Riff
26%
Géneros Folclóricos Luna Tucumana | Duerme Negrito Atahualpa Yupanqui
25%
Rock Progresivo, Jazz-Rock Hipercandombe | Que Se Puede Hacer Salvo Ver Películas La Máquina de Hacer Pájaros
25%
Punk, Hard Rock Sentimiento Fatal | 1, 2, Ultraviolento Los Violadores
24%
Funk, Acid Jazz Coolo | Abarajame Illya Kuryaki and the Valderramas
21%
Pop-Rock, New Wave La Calle es su Lugar | Acaba de Nacer G.I.T.
20%
Canción Melódica, Pop Tradicional Prometimos No Llorar | Corazón Contento Palito Ortega
20%
Pop, Canción Melódica Te Quiero Tanto, No Me Preguntes Mas | Nunca Supe Más de Ti Sergio Denis
20%
Punk, Hard Rock Metamorfosis Adolescente | Nunca Seré Policía Flema
19%
Pop Latino Como Tú | Enséñame a Vivir Sin Ti Luciano Pereyra
19%
Tango Uno | Naranjo en Flor Roberto Goyeneche
19%
Canción Melódica Cómo Te Extraño Mi Amor | Te He Prometido Leo Dan
16%
Cuarteto Movidito, Movidito | Cómo, Dónde y Cuándo Sebastián
15%
Heavy Metal, Speed Metal Destrucción | Brigadas Metálicas V8
15%
Canción Melódica, Balada Romántica Ella... Ella Ya Me Olvidó | Fuiste Mía Un Verano Leonardo Favio
13%
Beat Rock, Pop Psicodélico El Extraño del Pelo Largo | Vuelvo a Casa La Joven Guardia
11%
Rock Alternativo, Hard Rock Fuera o Más Allá | Corazón Delator Eruca Sativa
9%
Tango La Yumba | Recuerdo Osvaldo Pugliese
4%
Doo-Wop, Canción Melódica Quiéreme Siempre | Dimelo Tú Los Cinco Latinos
2%
Pop-Rock, New Wave Bailando en las Veredas | Metegol Raúl Porchetto
1%
No se encontraron pruebas coincidentes
Distribución de puntuación
Porcentaje de gente con cada puntuación
Porcentaje por número respondido
Historial de tus puntuaciones
No has intentado esta prueba.